Statistics for 100 Greatest Footballers Ever

Click here to take the quiz!

General Stats

  • This quiz has been taken 196 times
  • The average score is 73 of 100

Answer Stats

Position, Club, CountryAnswer% Correct
LW, Portugal, Real MadridCristiano Ronaldo
99%
CF/ST, Brazil, SantosPelé
98%
ST, Brazil, InterRonaldo
98%
CF/RW, Argentina, FC BarcelonaLionel Messi
96%
CAM/CF, Germany, FC Bayern MünchenThomas Müller
94%
ST, Germany, FC Bayern MünchenGerd Müller
93%
CM, Croatia, Real MadridLuka Modrić
93%
ST, Sweden, PSGZlatan Ibrahimović
91%
CAM, Argentina, NapoliDiego Maradona
90%
LW, Brazil, BarcelonaRonaldinho
90%
CAM/CM, France, Real MadridZinedine Zidane
90%
ST, Uruguay, FC BarcelonaLuis Suárez
89%
LB/CB, Italy, AC MilanPaolo Maldini
88%
CM, Spain, FC BarcleonaXavi
88%
CM, Spain, FC BarcelonaAndrés Iniesta
87%
LW, Brazil, FC BarcelonaNeymar
87%
ST, Cameroon, FC BarcelonaSamuel Eto'o
87%
ST, Ivory Coast, ChelseaDidier Drogba
85%
GK, Italy, JuventusGianluigi Buffon
85%
GK, Germany, FC Bayern MünchenOliver Kahn
85%
ST, Poland, FC Bayern MünchenRobert Lewandowski
85%
ST, France, ArsenalThierry Henry
85%
CF, Netherlands, FC BarcelonaJohan Cruyff
84%
RB, Germany, FC Bayern MünchenPhilipp Lahm
84%
RW, Northern Ireland, Man UnitedGeorge Best
83%
GK, Spain, Real MadridIker Casillas
83%
CM, Belgium, Man CityKevin de Bruyne
83%
GK, Germany, FC Bayern MünchenManuel Neuer
83%
LB, Brazil, Real MadridRoberto Carlos
83%
ST/CF, England, Man UnitedWayne Rooney
83%
CB, Spain, Real MadridSergio Ramos
82%
ST, Spain/Argentina, Real MadridAlfredo di Stéfano
81%
ST, Ukraine, AC MilanAndriy Shevchenko
81%
CF, Portugal, SL BenficaEusébio
81%
CM, England, ChelseaFrank Lampard
81%
CM, England, LiverpoolSteven Gerrard
81%
CM, Germany, Real MadridToni Kroos
81%
CF/ST, Hungary, Real MadridFerenc Puskás
80%
RB, Brazil, AC MilanCafú
79%
ST, Liberia, AC MilanGeorge Weah
79%
CAM, Brazil, AC MilanKaká
79%
GK, USSR/Russia, Dinamo MoscowLev Yashin
79%
ST, Netherlands, AC MilanMarco van Basten
79%
CF, Brazil, FC BarcelonaRivaldo
79%
ST, England, NewcastleAlan Shearer
78%
CM, Italy, AC MilanAndrea Pirlo
78%
ST, France, Real MadridKarim Benzema
78%
RW, Portugal, Real MadridLuís Figo
78%
Serbia, CB, Man UnitedNemanja Vidic
78%
ST, Argentina, Man CitySergio Agüero
78%
CM/RM, England, Man UnitedDavid Beckham
77%
GK, Denmark, Man UnitedPeter Schmeichel
77%
LM, Wales, Man UnitedRyan Giggs
77%
CF, Netherlands, AC MilanRuud Gullit
76%
LB, Brazil, Real MadridMarcelo
75%
CF, Netherlands, ArsenalDennis Bergkamp
74%
CB, Germany, FC Bayern MünchenFranz Beckenbauer
74%
CB, England, ChelseaJohn Terry
74%
CF/ST, Spain, Real MadridRaúl
74%
CB, Italy, AC MilanAlessandro Nesta
73%
CF, France, Man UnitedEric Cantona
72%
ST, Spain, LiverpoolFernando Torres
72%
CAM, France, JuventusMichel Platini
72%
ST, Netherlands, Man UnitedRuud van Nistelrooy
72%
CM, England, Man UnitedPaul Scholes
71%
CAM/LM, Czech Republic, JuventusPavel Nedved
71%
RB, Brazil, FC BarcelonaDani Alves
70%
CB, Italy, Real MadridFabio Cannavaro
70%
CF, Italy, AS RomaFrancesco Totti
70%
RW, Brazil, BotafogoGarrincha
70%
CAM, Romania, FC BarcelonaGheorghe Hagi
70%
ST, Bulgaria, FC BarcelonaHristo Stoichkov
70%
RB, Argentina, InterJavier Zanetti
70%
CM, France, ArsenalPatrick Vieira
70%
ST, Scotland, LiverpoolKenny Dalglish
69%
CB, England, West Ham UnitedBobby Moore
66%
CB, Italy, AC MilanFranco Baresi
66%
CB, Netherlands, FC BarcelonaRonald Koeman
66%
ST, Brazil, FC BarcelonaRomário
64%
ST, England, Man UnitedBobby Charlton
63%
ST, Germany, Werder BremenMiroslav Klose
63%
CDM, Netherlands, AC MilanFrank Rijkaard
62%
CM, Netherlands, AC MilanClarence Seedorf
61%
CAM, Brazil, FlamengoZico
60%
CB, Brazil, AC MilanThiago Silva
59%
ST, Argentina, FiorentinaGabriel Batistuta
58%
CM, Germany, FC Bayern MünchenLothar Matthäus
58%
CAM, Italy, JuventusRoberto Baggio
56%
CDM, Spain, Real MadridXabi Alonso
56%
CM, Germany, FC Bayern MünchenBastian Schweinsteiger
54%
RB/CB, Brazil, SantosCarlos Alberto
54%
CM, Netherlands, JuventusEdgar Davids
54%
CB, France, ParmaLilian Thuram
50%
ST, France, Olympique MarseilleJean-Pierre Papin
44%
ST, Spain, Real MadridEmilio Butragueño
41%
LW, Spain, Real MadridPaco Gento
32%
ST, Brazil, Deportivo de la CoruñaBebeto
25%
CAM, Italy, AC MilanGianni Rivera
23%
CAM, Brazil, CorinthiansRoberto Rivelino
21%
ST, Germany, Werder BremenRudi Völler
21%

Score Distribution

Percentile by Number Answered

Percent of People with Each Score

Your Score History

You have not taken this quiz